Leadership, Capacity Building and School Improvement : Concepts, themes and impact

Saved in:
Bibliographic Details
Main Author: Dimmock, Clive (Author)
Format: Book
Language:English
Published: New York : Routledge, 2012
Subjects:
Tags: Add Tag
No Tags, Be the first to tag this record!

MARC

LEADER 00000nam a22000003a 4500
001 stu242791
005 20150617230123.1
008 120202s2012----xxu-----------------eng-d
020 |a 978-0-415-40437-2 
040 |a STU  |b slo 
041 0 |a eng 
044 |a xxu 
080 |a 37 
100 1 |a Dimmock, Clive  |4 aut 
245 1 |a Leadership, Capacity Building and School Improvement :  |b Concepts, themes and impact 
260 |a New York :  |b Routledge,  |c 2012 
300 |a 236 s 
650 7 |a manažment školy  |2 stusub 
996 |b 284M080630  |c M*13139-1  |l MMKN  |s A  |a 24  |w stu242791_0001